| 000 | 00770nam a2200265 a 4500 | ||
|---|---|---|---|
| 999 |
_c14419 _d14419 |
||
| 003 | PK-NaQUE | ||
| 005 | 20240925095955.0 | ||
| 008 | 240925b ||||| |||| 00| 0 eng d | ||
| 020 | _a0321897536(paperback) | ||
| 020 | _a978-0321897534(paperback) | ||
| 040 | _cQUEST | ||
| 100 | 1 | _aSchwarz, Ronan. | |
| 245 | 1 | 4 | _aThe Android Developer's Cookbook: Building Applications with the Android SDK |
| 250 | _a2nd ed. | ||
| 260 |
_a[S.l.] : _bAddison-Wesley Professional, _c2013. |
||
| 300 | _a464 p. ; | ||
| 490 | 1 | _a2nd edition) (developer's library. | |
| 650 | _aAndroid | ||
| 650 | _aAndroid SDK | ||
| 650 | _aCookbook | ||
| 700 | _aDutson, Phi | ||
| 700 | _aSteele, J | ||
| 856 |
_uhttp://10.10.170.122:8080/browse/book/25942 _yeBook |
||
| 942 |
_cBK _2ddc |
||